[Event "First Saturday 2011 june FM-A"]
[Site "Budapest"]
[Date "2011.06.04"]
[Round "1"]
[White "Hocevar, Nikola"]
[Black "Sverisson, Nokkvi"]
[Result "0-1"]
[WhiteElo "2034"]
[BlackElo "1869"]
[PlyCount "64"]
[EventDate "2011.06.04"]

1. c4 e5 2. Nc3 Nf6 3. g3 d5 4. cxd5 Nxd5 5. Bg2 Nb6 6. Nf3 Nc6 7. O-O Be7 8.
a3 O-O 9. b4 a6 10. d3 Be6 11. Ne4 f6 12. Nc5 Bxc5 13. bxc5 Nd5 14. Bb2 Qd7 15.
e4 Nde7 16. d4 exd4 17. Nxd4 Nxd4 18. Qxd4 Rad8 19. Qxd7 Rxd7 20. e5 fxe5 21.
Bxb7 c6 22. Bxa6 Ra8 23. Bxe5 Rxa6 24. Rfe1 Bd5 25. Bc3 Ng6 26. a4 Nf8 27. Re8
Kf7 28. Rb8 Ne6 29. Bb4 Nd4 30. f4 Rda7 31. Kf2 Rxa4 32. Rxa4 Rxa4 {
after 11 move} 0-1

[Event "First Saturday 2011 june FM-A"]
[Site "Budapest"]
[Date "2011.06.04"]
[Round "1"]
[White "Gulyas, Attila"]
[Black "Taube, Hubertus"]
[Result "0-1"]
[WhiteElo "2026"]
[BlackElo "2086"]
[PlyCount "96"]
[EventDate "2011.06.04"]

1. e4 c6 2. d4 d5 3. exd5 cxd5 4. c4 Nf6 5. Nc3 Nc6 6. Be3 e6 7. Nf3 Bd6 8. Be2
O-O 9. O-O b6 10. Rc1 dxc4 11. Bxc4 Bb7 12. Qe2 h6 13. Rfd1 Rc8 14. a3 Ne7 15.
Ba6 Bxa6 16. Qxa6 Bb8 17. Nb5 Nc6 18. Ne5 Nxe5 19. dxe5 Rxc1 20. Rxc1 Bxe5 21.
Nxa7 Nd5 22. Nc6 Qd6 23. Nxe5 Qxe5 24. Qb5 Rb8 25. g3 Qe4 26. Qc6 Qe5 27. Qb5
Qf5 28. Bd4 Qe4 29. Rd1 Qc2 30. Qd3 Rc8 31. Bc3 Qxd3 32. Rxd3 Nxc3 33. Rxc3
Rxc3 34. bxc3 Kf8 35. Kf1 Ke7 36. Ke2 Kd6 37. Kd3 Kc5 38. f4 f6 39. h4 b5 40.
h5 Kd5 41. c4+ bxc4+ 42. Kc3 e5 43. a4 e4 44. a5 e3 45. a6 Kc6 46. Kc2 Kb6 47.
Kd1 c3 48. Ke2 c2 0-1

[Event "First Saturday 2011 june FM-A"]
[Site "Budapest"]
[Date "2011.06.04"]
[Round "1"]
[White "Juracsik, Jozsef"]
[Black "Tran, Minh Thang"]
[Result "1/2-1/2"]
[WhiteElo "2133"]
[BlackElo "2101"]
[PlyCount "72"]
[EventDate "2011.06.04"]

1. e4 e6 2. d4 d5 3. Nc3 Bb4 4. Nge2 dxe4 5. a3 Bxc3+ 6. Nxc3 Nf6 7. Bg5 Bd7 8.
Nxe4 Bc6 9. Nxf6+ gxf6 10. Bh4 Rg8 11. f3 Nd7 12. Qd2 Qe7 13. Qb4 Qd6 14. Bf2
Qf4 15. Rd1 a6 16. c4 O-O-O 17. Qd2 Qf5 18. Qc3 Nb6 19. b3 h5 20. h4 Qf4 21.
Rh3 Kb8 22. Be3 Qd6 23. Qa5 Qe7 24. Qb4 Nc8 25. Kf2 Nd6 26. Bd3 Ka8 27. Qc5 Nf5
28. Qxe7 Nxe7 29. Bc2 e5 30. d5 Bd7 31. Rhh1 Bf5 32. Be4 Bxe4 33. fxe4 Rg4 34.
Bc5 Ng6 35. Rde1 Nf4 36. Be7 Re8 {after 14 move} 1/2-1/2

[Event "First Saturday 2011 june FM-A"]
[Site "Budapest"]
[Date "2011.06.04"]
[Round "1"]
[White "Bianchetti, Raoul"]
[Black "Havaskori, Laszlo"]
[Result "1-0"]
[WhiteElo "1986"]
[BlackElo "2084"]
[PlyCount "127"]
[EventDate "2011.06.04"]

1. d4 d5 2. Nf3 e6 3. Bf4 Bd6 4. Bg3 f5 5. Bxd6 Qxd6 6. c3 Nd7 7. e3 Ngf6 8.
Nbd2 c6 9. a3 Ne4 10. c4 O-O 11. g3 b6 12. Bg2 Bb7 13. O-O a5 14. Qc2 Nxd2 15.
Nxd2 a4 16. Rfd1 b5 17. c5 Qe7 18. f4 Ra7 19. Nf3 Qf6 20. Qf2 h6 21. Rac1 Qd8
22. Ne1 Ra8 23. Nd3 Rc8 24. Rd2 Kh7 25. h3 Qf6 26. Kh2 Rg8 27. Rf1 g6 28. Bf3
Rg7 29. g4 Qe7 30. gxf5 exf5 31. Qe1 Re8 32. Re2 Qf6 33. Rg2 Reg8 34. Bd1 Qe7
35. Bc2 Qf6 36. h4 Qe7 37. Qg3 Bc8 38. Nb4 Qf6 39. Qh3 Nf8 40. Nd3 Nd7 41. Ne1
Nf8 42. Nf3 h5 43. Qg3 Kh6 44. Ne5 Bd7 45. Bd1 Be8 46. Kh3 Nd7 47. Qg5+ Qxg5
48. fxg5+ Kh7 49. Nxc6 Nxc5 50. Nb4 Ne4 51. Rc2 Bd7 52. Kg2 Rc8 53. Rxc8 Bxc8
54. Bf3 Bb7 55. Bxe4 fxe4 56. Rc1 Rf7 57. Rc5 Kg8 58. Rxb5 Bc8 59. Nxd5 Bd7 60.
Rb8+ Kg7 61. Nf6 Rxf6 62. gxf6+ Kxf6 63. b4 axb3 64. Rxb3 {
played reversed colors by mistake} 1-0

[Event "First Saturday 2011 june FM-A"]
[Site "Budapest"]
[Date "2011.06.05"]
[Round "2"]
[White "Lakat, Gyula"]
[Black "Havaskori, Laszlo"]
[Result "1/2-1/2"]
[WhiteElo "1899"]
[BlackElo "2084"]
[PlyCount "37"]
[EventDate "2011.06.04"]

1. e4 e6 2. d4 d5 3. Nc3 Nf6 4. Bd3 c5 5. Bb5+ Nc6 6. e5 Nd7 7. Bxc6 bxc6 8.
Nf3 Ba6 9. Ne2 cxd4 10. O-O c5 11. Re1 Rb8 12. a3 Qc7 13. Nf4 Rb6 14. b3 g6 15.
Bd2 Rc6 16. b4 Bg7 17. Rb1 Bc4 18. b5 Rb6 19. Ba5 1/2-1/2

[Event "First Saturday 2011 june FM-A"]
[Site "Budapest"]
[Date "2011.06.05"]
[Round "2"]
[White "Tran, Minh Thang"]
[Black "Bianchetti, Raoul"]
[Result "1-0"]
[WhiteElo "2101"]
[BlackElo "1986"]
[PlyCount "59"]
[EventDate "2011.06.04"]

1. d4 d5 2. Bf4 e6 3. e3 Bd6 4. Bxd6 Qxd6 5. Qg4 g6 6. Nd2 Nd7 7. f4 f5 8. Qh4
Qe7 9. Qg3 Ngf6 10. Ngf3 Ng4 11. Ne5 Ngxe5 12. fxe5 c6 13. Bd3 b6 14. O-O Bb7
15. e4 O-O-O 16. exd5 cxd5 17. c4 Kb8 18. cxd5 Bxd5 19. Nc4 Bxc4 20. Bxc4 Nc5
21. Rad1 Ne4 22. Qb3 Ng5 23. a4 Qc7 24. a5 Rhe8 25. Bb5 Re7 26. Rc1 Qb7 27.
axb6 Qxb6 28. Rc6 Qb7 29. Rfc1 Ne4 30. Ba6 1-0

[Event "First Saturday 2011 june FM-A"]
[Site "Budapest"]
[Date "2011.06.05"]
[Round "2"]
[White "Taube, Hubertus"]
[Black "Juracsik, Jozsef"]
[Result "1-0"]
[WhiteElo "2086"]
[BlackElo "2133"]
[PlyCount "61"]
[EventDate "2011.06.04"]

1. d4 Nf6 2. c4 g6 3. Nc3 Bg7 4. e4 d6 5. Be2 O-O 6. f4 c5 7. d5 e6 8. Nf3 exd5
9. cxd5 Re8 10. e5 Nfd7 11. exd6 Qb6 12. O-O a6 13. f5 Nf6 14. fxg6 hxg6 15.
Ng5 Nbd7 16. Qa4 Qb4 17. Bf3 Qxa4 18. Nxa4 b5 19. Nc3 Bb7 20. Bd2 Ne5 21. Rae1
Nxf3+ 22. Rxf3 b4 23. Na4 Bxd5 24. Rfe3 Rxe3 25. Bxe3 Nd7 26. Nxc5 Nxc5 27.
Bxc5 Bxb2 28. d7 Bf6 29. Re8+ Kg7 30. Bf8+ Kg8 31. Bh6+ 1-0

[Event "First Saturday 2011 june FM-A"]
[Site "Budapest"]
[Date "2011.06.05"]
[Round "2"]
[White "Sverisson, Nokkvi"]
[Black "Gulyas, Attila"]
[Result "0-1"]
[WhiteElo "1869"]
[BlackElo "2026"]
[PlyCount "110"]
[EventDate "2011.06.04"]

1. e4 c6 2. d4 d5 3. exd5 cxd5 4. c4 Nf6 5. Nc3 Nc6 6. Nf3 e6 7. cxd5 Nxd5 8.
Bd3 Be7 9. O-O O-O 10. a3 Bf6 11. Bc2 Nxc3 12. bxc3 e5 13. d5 Ne7 14. c4 Bg4
15. Rb1 b6 16. h3 Bf5 17. Bb2 Bxc2 18. Qxc2 Rc8 19. Qe4 Ng6 20. Rfd1 Re8 21. a4
Qd7 22. Ra1 Be7 23. Ba3 f5 24. Qc2 Bc5 25. Bxc5 Rxc5 26. Ng5 Nf8 27. Qc3 e4 28.
h4 h6 29. Nh3 Ng6 30. Rdc1 Ne5 31. Qd4 Qd6 32. Nf4 Ng4 33. Nh5 Ne5 34. Rc3 Qg6
35. Ng3 Qf6 36. Kf1 Rec8 37. Rac1 g6 38. Ne2 Kf7 39. Nf4 Nxc4 40. Qxf6+ Kxf6
41. Ke2 Nd6 42. Rxc5 Rxc5 43. Rxc5 bxc5 44. Ne6 Ke5 45. Nxc5 Kxd5 46. Nb3 Nb7
47. a5 a6 48. Ke3 g5 49. hxg5 hxg5 50. f4 g4 51. g3 Nd6 52. Kd2 Kc4 53. Kc2 Kb5
54. Nd4+ Kc4 55. Nb3 Kb5 0-1

[Event "First Saturday 2011 june FM-A"]
[Site "Budapest"]
[Date "2011.06.05"]
[Round "2"]
[White "Xu, Fei"]
[Black "Hocevar, Nikola"]
[Result "1/2-1/2"]
[WhiteElo "1951"]
[BlackElo "2034"]
[PlyCount "62"]
[EventDate "2011.06.04"]

1. e4 c5 2. Nf3 g6 3. d4 cxd4 4. Nxd4 Bg7 5. Nc3 Nc6 6. Be3 Nf6 7. Bc4 Qa5 8.
Nxc6 dxc6 9. O-O O-O 10. f3 Rd8 11. Qe1 Qb4 12. Bb3 b6 13. Qf2 Qa5 14. a3 Qh5
15. Ne2 Ba6 16. Rfd1 Rxd1+ 17. Rxd1 Nxe4 18. fxe4 Qxe2 19. Bxf7+ Kf8 20. Be6+
Qxf2+ 21. Kxf2 Bxb2 22. a4 Kg7 23. g3 Rf8+ 24. Kg2 Be2 25. Rd7 Bf3+ 26. Kg1
Bxe4 27. Bb3 Kf6 28. Rxa7 Rb8 29. Ra6 b5 30. axb5 Rxb5 31. Ba4 Rb7 1/2-1/2

[Event "First Saturday 2011 june FM-A"]
[Site "Budapest"]
[Date "2011.06.06"]
[Round "3"]
[White "Ritter, Gabor"]
[Black "Lakat, Gyula"]
[Result "1/2-1/2"]
[WhiteElo "2083"]
[BlackElo "1899"]
[PlyCount "44"]
[EventDate "2011.06.04"]

1. d4 Nf6 2. Nf3 e6 3. c4 c5 4. d5 exd5 5. cxd5 d6 6. Nc3 g6 7. h3 Bg7 8. e4
O-O 9. Bd3 Re8 10. O-O a6 11. a4 c4 12. Bc2 Nbd7 13. Qe2 Nxe4 14. Nxe4 f5 15.
Qxc4 fxe4 16. Bxe4 Nc5 17. Bg5 Bf6 18. Bxf6 Qxf6 19. Bc2 Bxh3 20. Qd4 Qxd4 21.
Nxd4 Bd7 22. a5 Bb5 1/2-1/2

[Event "First Saturday 2011 june FM-A"]
[Site "Budapest"]
[Date "2011.06.06"]
[Round "3"]
[White "Gulyas, Attila"]
[Black "Xu, Fei"]
[Result "0-1"]
[WhiteElo "2026"]
[BlackElo "1951"]
[PlyCount "134"]
[EventDate "2011.06.04"]

1. e4 c5 2. d4 cxd4 3. c3 dxc3 4. Nxc3 Nc6 5. Nf3 e6 6. Bc4 a6 7. Qe2 b5 8. Bb3
Bb7 9. O-O Nge7 10. Bg5 h6 11. Bh4 d6 12. Rfd1 Qc7 13. Rac1 Ng6 14. Bg3 Rd8 15.
a4 b4 16. Nb1 Be7 17. Nbd2 O-O 18. Nc4 Qb8 19. Rd2 Nge5 20. Nd4 Nxd4 21. Rxd4
Nxc4 22. Bxc4 a5 23. Rcd1 Qc7 24. b3 Qc6 25. Bb5 Qb6 26. Kh1 e5 27. R4d2 Rc8
28. Bc4 Qc6 29. f3 Rfd8 30. Bf2 Qc7 31. Be3 Bc6 32. Qf2 Rb8 33. Rc2 Qb7 34. Qg3
h5 35. Bh6 Bf6 36. Be3 d5 37. exd5 Bxd5 38. Bxd5 Rxd5 39. Re1 Rbd8 40. Bg5 Bxg5
41. Qxg5 e4 42. Qf4 Rd1 43. Rc1 Rxe1+ 44. Rxe1 exf3 45. gxf3 Qd5 46. Re3 Qd1+
47. Kg2 Rd2+ 48. Kh3 Qf1+ 49. Kh4 Qf2+ 50. Kxh5 Qxh2+ 51. Qxh2 Rxh2+ 52. Kg4 f6
53. Re8+ Kf7 54. Ra8 Rg2+ 55. Kf4 Rg5 56. Rb8 Rc5 57. Rb7+ Kg6 58. Rb5 Rc3 59.
Rxa5 Rxb3 60. Rb5 Rb1 61. a5 Kh6 62. a6 b3 63. Ra5 b2 64. a7 g5+ 65. Kf5 Re1
66. a8=Q b1=Q+ 67. Kg4 Rg1+ 0-1

[Event "First Saturday 2011 june FM-A"]
[Site "Budapest"]
[Date "2011.06.06"]
[Round "3"]
[White "Juracsik, Jozsef"]
[Black "Sverisson, Nokkvi"]
[Result "1-0"]
[WhiteElo "2133"]
[BlackElo "1869"]
[PlyCount "101"]
[EventDate "2011.06.04"]

1. e4 c5 2. Nf3 d6 3. d4 cxd4 4. Nxd4 Nf6 5. Nc3 g6 6. Be3 Bg7 7. f3 O-O 8. Qd2
Nc6 9. Bc4 Bd7 10. Bb3 Rb8 11. Nxc6 bxc6 12. Bxa7 Rb7 13. Be3 c5 14. Rb1 Qb8
15. e5 dxe5 16. Bxc5 e4 17. Nxe4 Nxe4 18. fxe4 Bc6 19. O-O Bxe4 20. Qf4 Qxf4
21. Rxf4 Bf5 22. g4 Bh6 23. Ra4 Bd7 24. Re4 Rc8 25. Rf1 e6 26. Bd4 Bc6 27. Ree1
Rd8 28. Bf6 Rd2 29. Rf2 Rbd7 30. Bc3 R2d6 31. h4 Bg7 32. Bxg7 Kxg7 33. Kh2 Rd4
34. Kg3 Rd1 35. Ref1 Rxf1 36. Rxf1 Rd2 37. g5 Rg2+ 38. Kh3 Re2 39. Rf4 Re1 40.
Rb4 Rb1 41. Kg3 Rxb2 42. Kf4 Bd5 43. a3 Bxb3 44. cxb3 h6 45. a4 hxg5+ 46. hxg5
Rb1 47. a5 Rf1+ 48. Kg3 Rc1 49. a6 Rc8 50. a7 Ra8 51. Rb7 1-0

[Event "First Saturday 2011 june FM-A"]
[Site "Budapest"]
[Date "2011.06.06"]
[Round "3"]
[White "Bianchetti, Raoul"]
[Black "Taube, Hubertus"]
[Result "1-0"]
[WhiteElo "1986"]
[BlackElo "2086"]
[PlyCount "79"]
[EventDate "2011.06.04"]

1. d4 f5 2. c4 e6 3. g3 Nf6 4. Bg2 a5 5. Nc3 Bb4 6. Bd2 O-O 7. Nh3 Nc6 8. e3
Ne7 9. O-O h6 10. f4 Ng4 11. Nf2 Bxc3 12. bxc3 h5 13. e4 Nxf2 14. Rxf2 Qe8 15.
e5 Rb8 16. d5 b6 17. Be3 c5 18. Rb1 Ba6 19. Bf1 Qg6 20. d6 Nc6 21. Rfb2 h4 22.
Bf2 hxg3 23. Bxg3 Nxe5 24. Rxb6 Rxb6 25. Rxb6 Bc8 26. Rb5 Nf7 27. Bg2 Qf6 28.
Qd2 e5 29. fxe5 Nxe5 30. Rxc5 f4 31. Bxf4 Qxf4 32. Qxf4 Rxf4 33. Rxc8+ Kh7 34.
c5 Rc4 35. Bh3 Rxc3 36. Bxd7 Nxd7 37. c6 Rc1+ 38. Kf2 Ne5 39. d7 Rxc6 40. d8=Q
1-0

[Event "First Saturday 2011 june FM-A"]
[Site "Budapest"]
[Date "2011.06.06"]
[Round "3"]
[White "Havaskori, Laszlo"]
[Black "Tran, Minh Thang"]
[Result "1-0"]
[WhiteElo "2084"]
[BlackElo "2101"]
[PlyCount "47"]
[EventDate "2011.06.04"]

1. e4 e6 2. d4 d5 3. Nd2 c5 4. Ngf3 Nc6 5. dxc5 Bxc5 6. Nb3 Bb6 7. Bg5 f6 8.
exd5 Qxd5 9. Qxd5 exd5 10. Bf4 Bf5 11. c3 O-O-O 12. Nfd4 Re8+ 13. Kd2 Nxd4 14.
Nxd4 Bxd4 15. cxd4 Ne7 16. Rc1+ Nc6 17. Ba6 Re6 18. Rhe1 Be4 19. f3 Rd8 20. Bb5
g5 21. Bg3 h5 22. fxe4 dxe4 23. Rc4 f5 24. Rec1 {after 30 move} 1-0

[Event "First Saturday 2011 june FM-A"]
[Site "Budapest"]
[Date "2011.06.07"]
[Round "4"]
[White "Lakat, Gyula"]
[Black "Tran, Minh Thang"]
[Result "1/2-1/2"]
[WhiteElo "1899"]
[BlackElo "2101"]
[PlyCount "35"]
[EventDate "2011.06.04"]

1. e4 e6 2. d4 d5 3. Nc3 Bb4 4. Nge2 dxe4 5. a3 Bxc3+ 6. Nxc3 Nf6 7. Bg5 Bd7 8.
Nxe4 Bc6 9. f3 Nbd7 10. Bd3 h6 11. Bh4 g5 12. Bf2 Nd5 13. g3 f5 14. Nd2 Qf6 15.
Qe2 O-O-O 16. O-O-O Rhe8 17. Rhe1 e5 18. c4 1/2-1/2

[Event "First Saturday 2011 june FM-A"]
[Site "Budapest"]
[Date "2011.06.07"]
[Round "4"]
[White "Taube, Hubertus"]
[Black "Havaskori, Laszlo"]
[Result "1/2-1/2"]
[WhiteElo "2086"]
[BlackElo "2084"]
[PlyCount "101"]
[EventDate "2011.06.04"]

1. d4 Nf6 2. c4 e6 3. Nc3 Bb4 4. e3 c5 5. Bd3 Bxc3+ 6. bxc3 Nc6 7. Nf3 d6 8.
O-O Qc7 9. e4 e5 10. Bg5 Bg4 11. d5 Ne7 12. h3 Bd7 13. Bc2 h6 14. Bxf6 gxf6 15.
Nh4 Ng6 16. Nf5 Kf8 17. Kh2 h5 18. Rg1 h4 19. g3 hxg3+ 20. fxg3 Bxf5 21. exf5
Ne7 22. g4 Ng8 23. Qd2 Qe7 24. a4 Ke8 25. a5 Kd8 26. Rab1 Rb8 27. Rb5 Nh6 28.
Kg3 e4 29. Qf4 Kc7 30. Re1 Qe5 31. Qxe5 fxe5 32. Bxe4 f6 33. Rb2 Nf7 34. h4
Rbg8 35. Reb1 Rb8 36. Rh1 b6 37. axb6+ Rxb6 38. Rxb6 Kxb6 39. Rb1+ Kc7 40. Bc2
a5 41. Ba4 Rb8 42. Rxb8 Kxb8 43. Be8 Kc7 44. Bxf7 a4 45. g5 a3 46. g6 a2 47. g7
a1=Q 48. g8=Q Qg1+ 49. Kh3 Qh1+ 50. Kg4 Qd1+ 51. Kh3 1/2-1/2

[Event "First Saturday 2011 june FM-A"]
[Site "Budapest"]
[Date "2011.06.07"]
[Round "4"]
[White "Xu, Fei"]
[Black "Juracsik, Jozsef"]
[Result "1/2-1/2"]
[WhiteElo "1951"]
[BlackElo "2133"]
[PlyCount "83"]
[EventDate "2011.06.04"]

1. e4 c5 2. Nf3 g6 3. d4 Bg7 4. Nc3 cxd4 5. Nxd4 Nc6 6. Be3 Nf6 7. Nxc6 bxc6 8.
e5 Ng8 9. Bd4 f6 10. exf6 Nxf6 11. Qd2 O-O 12. O-O-O d5 13. f3 e5 14. Bc5 Rf7
15. Ne4 Nd7 16. Ba3 Rf4 17. Nd6 Bf8 18. Qc3 Bh6 19. Kb1 Qb6 20. g3 Ra4 21. Nxc8
Rxc8 22. Bh3 Qc7 23. Be6+ Kh8 24. h4 Bg7 25. h5 g5 26. h6 Bf6 27. Qb3 Rxa3 28.
Qxa3 Rb8 29. Rd3 Nb6 30. Rb3 Re8 31. Bf5 Nc4 32. Qb4 a5 33. Qe1 a4 34. Rb4 Nd6
35. g4 a3 36. Qc3 axb2 37. Rxb2 Rf8 38. Qb4 Qe7 39. a4 Kg8 40. Rb3 e4 41. fxe4
Qe5 42. Ka2 {after 5 move} 1/2-1/2

[Event "First Saturday 2011 june FM-A"]
[Site "Budapest"]
[Date "2011.06.07"]
[Round "4"]
[White "Darazs, Zoltan"]
[Black "Gulyas, Attila"]
[Result "1/2-1/2"]
[WhiteElo "2203"]
[BlackElo "2026"]
[PlyCount "71"]
[EventDate "2011.06.04"]

1. e4 c6 2. d4 d5 3. exd5 cxd5 4. c4 Nf6 5. Nc3 Nc6 6. Bg5 Be6 7. a3 h6 8. Bxf6
exf6 9. Nf3 Be7 10. c5 O-O 11. b4 Re8 12. Be2 f5 13. O-O Bf8 14. Bb5 Qc7 15.
Re1 a6 16. Ba4 Red8 17. Bb3 Be7 18. Na4 Qf4 19. Qd3 Bf6 20. Rad1 g5 21. Nb6
Rab8 22. Qe3 Qxe3 23. Rxe3 g4 24. Ne5 Bxe5 25. dxe5 d4 26. Red3 Bxb3 27. Rxb3
Nxe5 28. Kf1 d3 29. Ke1 Rd4 30. Kd2 Rbd8 31. Re1 f6 32. Rc3 Kf7 33. Rec1 Re4
34. Re1 Red4 35. Rec1 Re4 36. Re1 1/2-1/2

[Event "First Saturday 2011 june FM-A"]
[Site "Budapest"]
[Date "2011.06.07"]
[Round "4"]
[White "Ritter, Gabor"]
[Black "Hocevar, Nikola"]
[Result "1/2-1/2"]
[WhiteElo "2083"]
[BlackElo "2034"]
[PlyCount "30"]
[EventDate "2011.06.04"]

1. d4 d5 2. c4 c6 3. Nf3 Nf6 4. Nc3 g6 5. e3 Bg7 6. Bd3 Nbd7 7. O-O O-O 8. Qc2
b6 9. b3 Bb7 10. Bb2 c5 11. Nxd5 Nxd5 12. cxd5 Bxd5 13. Be4 Bxe4 14. Qxe4 cxd4
15. Bxd4 Bxd4 1/2-1/2

[Event "First Saturday 2011 june FM-A"]
[Site "Budapest"]
[Date "2011.06.08"]
[Round "5"]
[White "Hocevar, Nikola"]
[Black "Lakat, Gyula"]
[Result "1/2-1/2"]
[WhiteElo "2034"]
[BlackElo "1899"]
[PlyCount "55"]
[EventDate "2011.06.04"]

1. c4 Nf6 2. Nc3 g6 3. e4 d6 4. d4 Bg7 5. f3 Nbd7 6. Be3 b6 7. Rc1 c5 8. d5 O-O
9. Qd2 Re8 10. Be2 Ne5 11. h3 Nh5 12. Bf2 Nd7 13. g4 Bxc3 14. Rxc3 Ng7 15. h4
h5 16. gxh5 Nxh5 17. Qh6 Ndf6 18. Bd3 e5 19. dxe6 Rxe6 20. Ne2 Qf8 21. Qd2 Bb7
22. Rg1 Kh7 23. Kd1 Nd7 24. Ng3 Ndf6 25. Be3 Nxg3 26. Rxg3 Nh5 27. Rh3 Rae8 28.
Bf2 {after 16 move} 1/2-1/2

[Event "First Saturday 2011 june FM-A"]
[Site "Budapest"]
[Date "2011.06.08"]
[Round "5"]
[White "Gulyas, Attila"]
[Black "Ritter, Gabor"]
[Result "1/2-1/2"]
[WhiteElo "2026"]
[BlackElo "2083"]
[PlyCount "52"]
[EventDate "2011.06.04"]

1. e4 c5 2. d4 cxd4 3. c3 Nf6 4. Bd3 Nc6 5. Nf3 dxc3 6. Nxc3 d6 7. h3 g6 8. O-O
Bg7 9. Qe2 O-O 10. Rd1 Qa5 11. Bc4 Bd7 12. Bd2 Qh5 13. Bg5 Ne5 14. Nxe5 Qxg5
15. Nf3 Qa5 16. e5 dxe5 17. Nxe5 Rad8 18. Nxd7 Rxd7 19. Rxd7 Nxd7 20. Qxe7 Bxc3
21. Qxd7 Bxb2 22. Rd1 Qc5 23. Bb3 b5 24. Rd5 Qc1+ 25. Rd1 Qc5 26. Rd5 Qc1+
1/2-1/2

[Event "First Saturday 2011 june FM-A"]
[Site "Budapest"]
[Date "2011.06.08"]
[Round "5"]
[White "Bianchetti, Raoul"]
[Black "Xu, Fei"]
[Result "0-1"]
[WhiteElo "1986"]
[BlackElo "1951"]
[PlyCount "53"]
[EventDate "2011.06.04"]

1. d4 d5 2. e3 Nf6 3. Bd3 Bg4 4. Be2 Bxe2 5. Qxe2 c6 6. Nd2 e6 7. c3 Nbd7 8. f4
Bd6 9. Ngf3 h6 10. b3 Qc7 11. g3 c5 12. Bb2 O-O 13. O-O a6 14. Ne5 Bxe5 15.
fxe5 Nh7 16. e4 Ng5 17. Rac1 Qc6 18. exd5 exd5 19. h4 Ne6 20. Rce1 Rae8 21. Ba3
f6 22. Nf3 Qc7 23. Kg2 Qa5 24. exf6 Nf4+ 25. gxf4 Rxe2+ 26. Rxe2 Qxa3 27. fxg7
0-1

[Event "First Saturday 2011 june FM-A"]
[Site "Budapest"]
[Date "2011.06.08"]
[Round "5"]
[White "Havaskori, Laszlo"]
[Black "Sverisson, Nokkvi"]
[Result "1/2-1/2"]
[WhiteElo "2084"]
[BlackElo "1869"]
[PlyCount "36"]
[EventDate "2011.06.04"]

1. e4 c5 2. Nc3 Nc6 3. f4 e6 4. Nf3 Nge7 5. d3 d5 6. e5 Nf5 7. Ne2 Be7 8. c3 d4
9. g3 b5 10. Bg2 Bb7 11. a4 b4 12. c4 Na5 13. b3 Qd7 14. Bd2 h5 15. h4 O-O-O
16. Kf2 f6 17. Nc1 Qc6 18. Rg1 Rhg8 1/2-1/2

[Event "First Saturday 2011 june FM-A"]
[Site "Budapest"]
[Date "2011.06.08"]
[Round "5"]
[White "Tran, Minh Thang"]
[Black "Taube, Hubertus"]
[Result "1/2-1/2"]
[WhiteElo "2101"]
[BlackElo "2086"]
[PlyCount "106"]
[EventDate "2011.06.04"]

1. d4 f5 2. Bf4 Nf6 3. e3 e6 4. Nf3 b6 5. Bd3 Bb7 6. c4 Bb4+ 7. Nc3 O-O 8. Qc2
d6 9. O-O-O Bxc3 10. Qxc3 Nbd7 11. h4 Qe8 12. h5 Nxh5 13. Rh3 Nxf4 14. exf4 Nf6
15. d5 exd5 16. Bxf5 h6 17. Rg3 Nh5 18. Re1 Nxg3 19. fxg3 Qa4 20. Re7 Rf6 21.
Rxc7 Ba6 22. Ng5 Raf8 23. Nh7 dxc4 24. Nxf8 Kxf8 25. Qe3 Qe8 26. Qxe8+ Kxe8 27.
Bd7+ Kd8 28. Rxa7 d5 29. Bh3 Bb5 30. Rxg7 d4 31. Kd2 Bc6 32. Rh7 b5 33. a3 Rd6
34. Rg7 Bd7 35. Bxd7 Rxd7 36. Rg6 d3 37. Rxh6 Re7 38. Rh5 Re2+ 39. Kc3 Rc2+ 40.
Kd4 d2 41. Rd5+ Kc7 42. Ke3 Rxb2 43. Rxd2 Rb3+ 44. Kd4 Rxa3 45. Kc5 Rb3 46. g4
c3 47. Rc2 b4 48. Kc4 Rb2 49. Kd3 Rb1 50. Kc4 Kd6 51. g3 Ke6 52. g5 Rb2 53. Kd3
Rb1 1/2-1/2

[Event "First Saturday 2011 june FM-A"]
[Site "Budapest"]
[Date "2011.06.09"]
[Round "6"]
[White "Lakat, Gyula"]
[Black "Taube, Hubertus"]
[Result "1/2-1/2"]
[WhiteElo "1899"]
[BlackElo "2086"]
[PlyCount "104"]
[EventDate "2011.06.04"]

1. c4 b6 2. Nc3 Bb7 3. Nf3 f5 4. d4 e6 5. Bg5 Be7 6. Bxe7 Qxe7 7. e3 Nf6 8. a3
O-O 9. Bd3 d6 10. Qe2 Nbd7 11. O-O-O Ne4 12. Bxe4 fxe4 13. Nd2 d5 14. Kb1 a5
15. Ka2 a4 16. Rhf1 Ba6 17. f3 exf3 18. Rxf3 Rxf3 19. gxf3 dxc4 20. f4 b5 21.
Qg2 Nb6 22. Qg5 Qxg5 23. fxg5 Rf8 24. Rf1 Rxf1 25. Nxf1 Kf7 26. Ng3 Kg6 27. h4
Nc8 28. Nce4 Ne7 29. h5+ Kf7 30. Nc5 Bc8 31. e4 Nc6 32. Ne2 h6 33. gxh6 gxh6
34. e5 Ke7 35. Kb1 Bd7 36. Ne4 Be8 37. Nf6 Bf7 38. Kc2 Nb8 39. Kc3 Nd7 40. Nxd7
Kxd7 41. Nf4 Kc6 42. Kb4 Kb6 43. Ng6 Be8 44. Ne7 Bxh5 45. Ng8 Be8 46. Nxh6 Kc6
47. Ng8 Bh5 48. Nf6 Be2 49. Ne4 c3 50. Kxc3 Bf3 51. Nf6 Bd5 52. Kb4 Bc4 1/2-1/2

[Event "First Saturday 2011 june FM-A"]
[Site "Budapest"]
[Date "2011.06.09"]
[Round "6"]
[White "Sverisson, Nokkvi"]
[Black "Tran, Minh Thang"]
[Result "1-0"]
[WhiteElo "1869"]
[BlackElo "2101"]
[PlyCount "97"]
[EventDate "2011.06.04"]

1. e4 e6 2. d4 d5 3. Nc3 Bb4 4. e5 c5 5. Bd2 Bd7 6. Nb5 Bxb5 7. Bxb5+ Nc6 8. c3
Ba5 9. dxc5 a6 10. Ba4 Qh4 11. b4 Bc7 12. Nf3 Qe4+ 13. Qe2 h6 14. Qxe4 dxe4 15.
Nd4 Nge7 16. Nxc6 bxc6 17. Bf4 O-O-O 18. c4 Ng6 19. Be3 Nxe5 20. b5 Ba5+ 21.
Ke2 Nxc4 22. bxa6 Kc7 23. Rab1 Rb8 24. Rhc1 Nxe3 25. Kxe3 f5 26. Rd1 Bb4 27.
Rbc1 Rhd8 28. f3 exf3 29. Kxf3 Rxd1 30. Bxd1 Rb5 31. Bb3 e5 32. Be6 e4+ 33. Ke2
g6 34. Rb1 f4 35. a4 Rxc5 36. Rxb4 Rc2+ 37. Kd1 Rc5 38. Rxe4 g5 39. Bc4 Ra5 40.
Bd3 Kd6 41. Kc2 Kd5 42. Kb3 Rxa6 43. Bxa6 Kxe4 44. Be2 Kd4 45. Kb4 c5+ 46. Kb5
c4 47. Bxc4 g4 48. a5 g3 49. hxg3 1-0

[Event "First Saturday 2011 june FM-A"]
[Site "Budapest"]
[Date "2011.06.09"]
[Round "6"]
[White "Darazs, Zoltan"]
[Black "Bianchetti, Raoul"]
[Result "1-0"]
[WhiteElo "2203"]
[BlackElo "1986"]
[PlyCount "101"]
[EventDate "2011.06.04"]

1. e4 d5 2. exd5 Qxd5 3. c4 Qd6 4. d4 Nf6 5. Nc3 c6 6. Be2 Bf5 7. Nf3 Nbd7 8.
O-O e6 9. Qb3 Qc7 10. g3 Bd6 11. c5 Be7 12. Bf4 Qc8 13. Rfe1 Bg4 14. Ne5 Bxe2
15. Rxe2 O-O 16. Nc4 Re8 17. Bd6 Bd8 18. Rae1 b5 19. Ne5 Nf8 20. Ne4 Nxe4 21.
Rxe4 Bc7 22. Bxf8 Bxe5 23. dxe5 Rxf8 24. Rd4 a5 25. Rd6 Qc7 26. Qf3 Rac8 27.
Red1 h6 28. Qd3 a4 29. a3 Qa5 30. Qd4 Rb8 31. Rxc6 b4 32. Rd6 bxa3 33. bxa3 Rb5
34. Rc1 Rc8 35. c6 Rxe5 36. Kg2 Rd5 37. Rxd5 Qxd5+ 38. Qxd5 exd5 39. Kf3 Kf8
40. Ke3 Ke7 41. Kd4 Kd6 42. c7 f5 43. Rc5 g5 44. Rxd5+ Ke6 45. Rc5 h5 46. Kc4
Kd6 47. Kb5 h4 48. Kb6 hxg3 49. hxg3 f4 50. Kb7 fxg3 51. fxg3 1-0

[Event "First Saturday 2011 june FM-A"]
[Site "Budapest"]
[Date "2011.06.09"]
[Round "6"]
[White "Ritter, Gabor"]
[Black "Juracsik, Jozsef"]
[Result "0-1"]
[WhiteElo "2083"]
[BlackElo "2133"]
[PlyCount "77"]
[EventDate "2011.06.04"]

1. Nf3 Nf6 2. c4 g6 3. b3 Bg7 4. Bb2 c5 5. g3 O-O 6. Bg2 Nc6 7. O-O d6 8. d3 e5
9. Nc3 Nh5 10. Nd5 e4 11. Bxg7 exf3 12. Bxf8 fxg2 13. Kxg2 Kxf8 14. Qd2 Kg8 15.
Rac1 Be6 16. f4 Qd7 17. Rf2 Bh3+ 18. Kg1 Ne7 19. Nc3 d5 20. cxd5 Nxd5 21. Ne4
b6 22. Ng5 Bg4 23. f5 f6 24. fxg6 hxg6 25. Ne4 Kg7 26. Qb2 Qe7 27. Nd2 Bh3 28.
Ne4 Kg8 29. Qd2 Bf5 30. Nc3 Ne3 31. Nd1 Ng4 32. Rf3 Ne5 33. Rf2 Rd8 34. Nb2 Bc8
35. Qe3 Qg7 36. Qd2 Bb7 37. Nc4 Ng4 38. Rff1 Qh7 39. Ne3 {after 12 move} 0-1